书目信息 |
| 题名: |
俄国历史概要
|
|
| 作者: | 波克罗夫斯基 著 ;贝璋衡 译 | |
| 分册: | 下 | |
| 出版信息: | 北京 商务印书馆 1994 |
|
| 页数: | 408-973页 | |
| 开本: | 20cm | |
| 丛书名: | 苏联丛书 | |
| 单 册: | ||
| 中图分类: | K512.0 | |
| 科图分类: | ||
| 主题词: | 历史-俄罗斯 | |
| 电子资源: | ||
| ISBN: | ||
| 000 | 00845nam2 2200265 45 | |
| 001 | 0195015245 | |
| 005 | 20051026112513.59 | |
| 010 | @dCNY2.90(2册) | |
| 100 | @a19950426d1994 kemy0chiy0121 ea | |
| 101 | 1 | @achi@crus |
| 102 | @aCN@b110000 | |
| 105 | @ay z 000yd | |
| 200 | 10 | @a俄国历史概要@AE GUO LI SHI GAI YAO@h下@f(苏)波克罗夫斯基著@F(su)bo ke luo fu si ji zhu@g贝璋衡等译 |
| 210 | @a北京@c商务印书馆@d1994 | |
| 215 | @a408-973页@d20cm | |
| 225 | 2 | @a苏联丛书 |
| 330 | @a本书按社会经济形态的发展论述了俄国的历史发展过程,着重论述阶级斗争是推动历史发展的动力。 | |
| 410 | 0 | @120010@a苏联丛书 |
| 606 | @a历史-俄罗斯 | |
| 607 | @a俄罗斯-历史 | |
| 690 | @aK512.0@v三版 | |
| 701 | 0 | @a波克罗夫斯基@Abo ke luo fu si ji@4著 |
| 702 | 0 | @a贝璋衡@ABEI ZHANG HENG@4译 |
| 801 | 0 | @aCN@bNLC@c20051026 |
| 905 | @f1@b232172@dK512.0@e18:2 | |
| 俄国历史概要.下/(苏)波克罗夫斯基著/贝璋衡等译.-北京:商务印书馆,1994 |
| 408-973页;20cm.-(苏联丛书) |
| ISBN :CNY2.90(2册) |
| 本书按社会经济形态的发展论述了俄国的历史发展过程,着重论述阶级斗争是推动历史发展的动力。 |
| ● |
| 相关链接 |
|
|
|
|
正题名:俄国历史概要
索取号:K512.0/18:2
 
预约/预借
| 序号 | 登录号 | 条形码 | 馆藏地/架位号 | 状态 | 备注 |
| 1 | 0003555 | 202084662 | 第二样本阅览室/ [索取号:K512.0/18:2] | 在馆 | |
| 2 | 0232171 | 001395056 | 第二借阅区/ [索取号:K512.0/18:2] | 在馆 | |
| 3 | 0232172 | 001395065 | 第二借阅区/ [索取号:K512.0/18:2] | 在馆 |